Globalizační a integrační procesy ve specifickém ekonomickém prostředí Euroregionu NISA

Enregistré dans:
Détails bibliographiques
Auteur principal: Fárek, Jiří
Autres auteurs: Kraft, Jiří, Nedomlelová, Iva, Sojková, Lenka
Format: Livre
Langue:tchèque
Publié: Liberec Technická univerzita v Liberci 2005
Édition:1. vyd.
Sujets:
Tags: Ajouter un tag
Pas de tags, Soyez le premier à ajouter un tag!

MARC

LEADER 00000nam a2200000 4500
001 0149243
005 20221020080318.2
020 |a 80-7372-028-0 
041 0 |a cze 
044 |a CZ 
245 1 0 |a Globalizační a integrační procesy ve specifickém ekonomickém prostředí Euroregionu NISA  |c Jiří Fárek ... [et al.] 
250 |a 1. vyd. 
264 1 |a Liberec  |b Technická univerzita v Liberci  |c 2005 
300 |a 123 s. 
610 2 0 |a integrácia ekonomická medzinárodná 
610 2 0 |a globalizácia hospodárstva 
610 2 0 |a euroregióny 
610 2 0 |a investície priame zahraničné 
610 2 0 |a spolupráca medzinárodná 
610 2 0 |a únie hospodárske 
610 2 0 |a únie menové 
610 2 0 |a rozpočty 
610 2 0 |a Európska únia 
610 2 0 |a Česko 
610 2 0 |a Poľsko 
610 2 0 |a Nemecko 
610 2 0 |a vývoj hospodársky 
610 2 0 |a produkt domáci hrubý 
610 2 0 |a inflácia 
610 2 0 |a kurz menový 
610 2 0 |a obchod zahraničný 
610 2 0 |a nezamestnanosť 
610 2 0 |a integrácia menová 
610 2 0 |a euro 
610 2 0 |a trh práce 
100 1 |a Fárek, Jiří 
700 1 |a Kraft, Jiří 
700 1 |a Nedomlelová, Iva 
700 1 |a Sojková, Lenka